000 00371 a2200157 4500
001 68409
020 _a9786556133423
040 _cAnchieta - Pituba
100 _aFreitas, Raphael Henrique de Souza
240 1 0 _aLíngua Portuguesa 8º ano
_l
245 1 0 _aLíngua Portuguesa 8º ano
300 _a368
362 0 _a2023
650 4 _aLíngua portuguesa
942 _cBK
999 _c68409
_d68409